P. Lal: an appreciation, (Record no. 85293)

MARC details
000 -LEADER
fixed length control field 00733cam a2200253 4500
001 - CONTROL NUMBER
control field sa 68013723
003 - CONTROL NUMBER IDENTIFIER
control field DLC
005 - DATE AND TIME OF LATEST TRANSACTION
control field 20260227112624.0
008 - FIXED-LENGTH DATA ELEMENTS--GENERAL INFORMATION
fixed length control field 691205s1968 ii b 000 0 eng
010 ## - LIBRARY OF CONGRESS CONTROL NUMBER
LC control number sa 68013723
025 ## - OVERSEAS ACQUISITION NUMBER
Overseas acquisition number PL480:I-E-10810
040 ## - CATALOGING SOURCE
Original cataloging agency DLC
Transcribing agency DLC
Modifying agency DLC
050 00 - LIBRARY OF CONGRESS CALL NUMBER
Classification number PR6023.A48
Item number Z8
082 00 - DEWEY DECIMAL CLASSIFICATION NUMBER
Classification number 821
100 2# - MAIN ENTRY--PERSONAL NAME
Personal name Mokashi-Punekar, Shankar.
245 00 - TITLE STATEMENT
Title P. Lal: an appreciation,
Statement of responsibility, etc. by S. Mokashi-Punekar.
260 ## - PUBLICATION, DISTRIBUTION, ETC.
Place of publication, distribution, etc. [Calcutta]
Name of publisher, distributor, etc. Writers Workshop,
Date of publication, distribution, etc. 1968.
300 ## - PHYSICAL DESCRIPTION
Extent 42 p.
Dimensions 23 cm.
350 ## - PRICE (NR) (BK AM CF MU VM SE) [OBSOLETE]
Price 10.00
-- ($3.00)
490 0# - SERIES STATEMENT
Series statement Indian writers in English series, 2
504 ## - BIBLIOGRAPHY, ETC. NOTE
Bibliography, etc. note List of P. Lal's works: p. 42.
600 10 - SUBJECT ADDED ENTRY--PERSONAL NAME
Personal name Lal, P.
General subdivision Criticism and interpretation.
651 #0 - SUBJECT ADDED ENTRY--GEOGRAPHIC NAME
Geographic name India
General subdivision In literature.

No items available.

Powered by Koha